00455nam a2200157 450000500170000001000150001702000260003203500140005803700130007208200120008510000170009724500620011426000400017627000610021630000200027720191224171907.0 aENG-127244 a9788173719479c365.00 aEN-110776 bDBAD/PUB a621.381 aBasavaraj, B aBasic electronics /cby B Basavraj [and] H N Shivashankar aHyderabadbUniversities Pressc2015 a3-6-747/1/A & 3-6-754/1, HimayatnagarbHyderabade500013 a411p.c23cm(Hb)